00361nam a2200145Ia 4500008004100000020001500041041001200056082001600068100001700084245004000101250000800141260004400149300000800193650001400201221030s9999 xx 000 0 und d a0198501013 aEnglish a105.23bAtk aP. W. Atkins 0aPhysical Chemistrycby P. W. Atkins a6th bOxfor University PressaNew Delhic1998 a997 aChemistry